| 000 | 01051nam a2200301 i 4500 | ||
|---|---|---|---|
| 005 | 20220317000140.0 | ||
| 007 | ta | ||
| 008 | 200420s2004 ck a gr 000 0 spa d | ||
| 020 | _a9583016446 | ||
| 040 |
_aCO-BoRNBP _bspa _erda _cCO-BoRNBP |
||
| 041 | 0 | _aspa | |
| 043 | _as-ck--- | ||
| 084 | _aLM SIL6 | ||
| 100 | 1 |
_aSilva Vallejo, Fabio _d1962 _eautor |
|
| 245 | 1 | 0 |
_aPrometeo _bel héroe que dio el fuego a los hombres _cadaptado por Fabio Silva Vallejo ; ilustrado por Patricia Riveros |
| 250 | _aPrimera edición | ||
| 264 | 1 |
_aBogotá _bPanamericana _c2004 |
|
| 300 |
_a32 páginas _bilustraciones a color _c27 cm |
||
| 336 |
_atexto _btxt _2rdacontent |
||
| 337 |
_asin mediación _bn _2rdamedia |
||
| 338 |
_avolumen _bnc _2rdacarrier |
||
| 650 | 1 | 7 |
_aMitología infantil colombiana _ySiglo XX _2ARMARC |
| 650 | 1 | 7 |
_aLiteratura infantil colombiana _ySiglo XX _2ARMARC |
| 650 | 1 | 7 |
_aMitología griega _vMitología _2ARMARC |
| 700 | 1 |
_aSilva Vallejo, Fabio _d1962- _916523 |
|
| 700 | 1 |
_aRiveros, Patricia _eilustradora _916528 |
|
| 942 |
_2loc _cBKLIT |
||
| 999 |
_c3228 _d3228 |
||